00980nam a22002657a 4500003000900000005001700009007000300026008003400029020001500063040003300078082002200111100002000133245004700153260007700200300003000277490001300307500002100320500002100341650005900362650006800421910004100489942001200530952015500542999001700697DO-SdBPM20260512121948.0ta161031b2006 xx a 1 00| 0 spa d a0765277387 aDO-SdBPMbspacBPMSUd erda04a372.357bS8492221 aStewart, Sharon10aSalvemos nuestra tierra / cSharon Stewart aEstados Unidos : bCelebration Press, bPearson Learning Group , c2006. a32 p. : bil. ; c25 cm. 1 aiOpeners aIncluye índice aIncluye glosario 7aConservación de la naturaleza vLiteratura infantil  7aConservación de los recursos naturales vLiteratura infantil  aVMateo V. Control de calidad. BPMSU  2ddccBK 00102ddc708CI-GaBPMETbBPMETd2017-10-16e Deschapo de la primera Damal0oBPMSU CGI 372.357 S849s 2006pBPMSU17100035r2017-10-16w2017-10-16yBK c12619d12619